000 00903 a2200193 4500
001 36090
005 20260407155638.0
008 260407a1992 arg spa d
003 AR-UNSa-BCEJYS
040 _aAR-UNSa-BCEJYS
_bspa
_cAR-UNSa-BCEJYS
080 _a658.012.2
_xPlanificación. Programas. Planes. Medidas de apoyo a la planificación( Administración estratégica...)
245 1 0 _aPráctica de la estrategia
264 1 _aBarcelona :
_bGranica
_c1992
300 _a283 p.
_c22 cm.
505 _a1. Importancia de la estrategia en el proceso de desarrollo - 2. La gestión estratégica - 3. Conceptos y componentes de la estrategia - 4. El método estratégico - 5. Estrategias para el desarrollo comercial - 6. Situaciones estratégicas - 7. Los puntos clave en los procesos de desarrolo estratégico.
942 _cBK
590 _aniveau_biblio:m niveau_hierar:0
100 1 _akarlöf, Bengt
999 _c2609
_d2609